000 01495nam0a2200325 4500
001 RU\NLR\bibl\1126252
005 20260406091701.0
010 _a978-5-479-01051-4
_910000
021 _aRU
_b2007-49884
_92638
035 _a(NLR Aleph) 001113193
090 _a1251182
_c1251182
100 _a20070205d2007 |||y0rusy50 ca
101 0 _arus
102 _aRU
105 _aa |||||||||
200 1 _aГеометрические формы
_eиграем, рисуем, учимся
_e[для изучения детьми от 5 лет и старше при помощи взрослых
_fЕлена и Светлана Синякины
_gхудож. Д. Гончарова]
210 _aМосква
_cСтрекоза
_cСтрекоза-Пресс
_d2007
215 _a16 с.
_cил.
_d26
225 1 _aСкоро в школу!
300 _aАвт. указаны в вып.дан.
606 1 _aДошкольники
_xОзнакомление с геометрическими формами
_92359583
_3RU\NLR\auth\661409137
686 _aЧ411.383
700 1 _4070
_8rus
_7ca
_aСинякина
_bЕ.
_gЕлена
_3RU\NLR\auth\7757436
_940368
701 1 _4070
_8rus
_7ca
_aСинякина
_bС.
_gСветлана
_3RU\NLR\auth\7757437
_940369
702 1 _4040
_8rus
_7ca
_aГончарова
_bД. А.
_cхудожник
_gДарья А.
_3RU\NLR\auth\7761446
_944376
801 0 _aRU
_bNLR
_c20070205
_gRCR
801 1 _aRU
_bNLR
_c20070205
942 _cBOOK
980 _aNB